Introduction to Food Engineering (Record no. 15618)
[ view plain ]
| 000 -LEADER | |
|---|---|
| fixed length control field | 00260nam a22001097a 4500 |
| 003 - CONTROL NUMBER IDENTIFIER | |
| control field | OSt |
| 008 - FIXED-LENGTH DATA ELEMENTS--GENERAL INFORMATION | |
| fixed length control field | 190520b ||||| |||| 00| 0 eng d |
| 082 ## - DEWEY DECIMAL CLASSIFICATION NUMBER | |
| Classification number | 664.01 |
| Item number | SIN/FO |
| 100 ## - MAIN ENTRY--AUTHOR NAME | |
| Personal name | Singh, Paul R. |
| 245 ## - TITLE STATEMENT | |
| Title | Introduction to Food Engineering |
| 942 ## - ADDED ENTRY ELEMENTS (KOHA) | |
| Koha item type | Books |
| Withdrawn status | Lost status | Damaged status | Collection code | Home library | Current library | Shelving location | Date acquired | Full call number | Accession Number | Koha item type |
|---|---|---|---|---|---|---|---|---|---|---|
| Non-fiction | KAUAET | KAUAET | General Stacks | 31/03/1987 | 664.01 SIN/FO | 16339 | Books |
